ბათუმის შოთა რუსთაველის სახელმწიფო უნივერსიტეტის ბიბლიოთეკა

Currents in Literature. American volume (ბიბ.ჩანაწერი № 50522)

000 -LEADER
fixed length control field 00589nam a2200229Ia 4500
001 - CONTROL NUMBER
control field 17471
003 - CONTROL NUMBER IDENTIFIER
control field GE_BSU
008 - FIXED-LENGTH DATA ELEMENTS--GENERAL INFORMATION
fixed length control field 181216s||||||||xx |||||||||||||| ||und||
020 ## - INTERNATIONAL STANDARD BOOK NUMBER
International Standard Book Number 9781567651447
040 ## - CATALOGING SOURCE
Transcribing agency GE_BSU
080 ## - UNIVERSAL DECIMAL CLASSIFICATION NUMBER
Universal Decimal Classification number 821.111
100 ## - MAIN ENTRY--PERSONAL NAME
Personal name Levine,Harold. Levine, Norman
245 ## - TITLE STATEMENT
Title Currents in Literature. American volume
245 ## - TITLE STATEMENT
Remainder of title Integrated english language arts
260 ## - PUBLICATION, DISTRIBUTION, ETC.
Place of publication, distribution, etc. New York
260 ## - PUBLICATION, DISTRIBUTION, ETC.
Date of publication, distribution, etc. 2007
300 ## - PHYSICAL DESCRIPTION
Extent 275p.
653 ## - INDEX TERM--UNCONTROLLED
Uncontrolled term Currents in Literature. American volume
653 ## - INDEX TERM--UNCONTROLLED
Uncontrolled term Integrated english language arts
942 ## - ADDED ENTRY ELEMENTS (KOHA)
Koha item type წიგნი
ეგზემპლარები
Withdrawn status Lost status Damaged status Not for loan Date acquired Barcode Date last seen Price effective from Koha item type
        2018-12-17 1421 2018-12-17 2018-12-17 წიგნი